Catalysis for sustainable energy production /

Guardado en:
Otros Autores: Barbaro, Pierluigi., Bianchini, Claudio.
Formato: Libro
Idioma:English
Publicado: Weinheim : Chichester : Wiley-VCH ; John Wiley distributor], c2009.
Materias:
Acceso en línea:Contributor biographical information
Publisher description
Table of contents only
Etiquetas: Agregar Etiqueta
Sin Etiquetas, Sea el primero en etiquetar este registro!
LEADER 01466cam a22003017a 4500
001 EIQ.libpla004417
008 090710s2009####gw#a#####b####101#0#eng##
005 20130805124248.0
245 0 0 |a Catalysis for sustainable energy production /  |c edited by Pierluigi Barbaro and Claudio Bianchini. 
260 |a Weinheim :  |b Wiley-VCH ;  |a Chichester :  |b John Wiley distributor],  |c c2009. 
300 |a xxii, 452 p. :  |b il. (algunas col.) ;  |c 25 cm. 
500 |a Based on the workshop Catalysis for Sustainable Energy Production, held in Sesto Fiorentino 2006. 
504 |a Incluye referencias bibliográficas e índice. 
020 |a 9783527320950 
020 |a 3527320954 
700 1 |a Barbaro, Pierluigi. 
700 1 |a Bianchini, Claudio. 
082 0 4 |a 660.2995  |2 22 
650 0 |a Catalysis  |x Energy development  |x Renewable energy sources  |x Biomass chemicals 
650 0 |a Catálisis  |x Desarrollo de energía  |x Fuentes de energía renovables  |x Productos químicos de biomasa 
010 |a  2009455373 
016 7 |a 014755129  |2 Uk 
040 |a UKM  |c UKM  |d BWX  |d YDXCP  |d DLC 
050 0 0 |a QD505  |b .C382899 2009 
856 4 2 |3 Contributor biographical information  |u http://www.loc.gov/catdir/enhancements/fy0914/2009455373-b.html 
856 4 2 |3 Publisher description  |u http://www.loc.gov/catdir/enhancements/fy0914/2009455373-d.html 
856 4 1 |3 Table of contents only  |u http://www.loc.gov/catdir/enhancements/fy0914/2009455373-t.html 
859 |a AR-BbSID  |b BIB. PLAPIQUI  |h 660.2995  |i B232  |p 6305